Ökonomisches Lexikon L-Z

Enregistré dans:
Détails bibliographiques
Format: Livre
Langue:allemand
Publié: Berlin Verlag die Wirtschaft 1970
Édition:2. neubearb. Aufl.
Tags: Ajouter un tag
Pas de tags, Soyez le premier à ajouter un tag!

MARC

LEADER 00000nam a2200000 4500
001 c121213
005 20041019155221.7
041 0 |a ger 
044 |a DE 
245 1 0 |a Ökonomisches Lexikon  |b L-Z 
250 |a 2. neubearb. Aufl. 
264 1 |a Berlin  |b Verlag die Wirtschaft  |c 1970 
300 |a 1248 s.